Statistics for Jeopardy-Style World Quiz!

Click here to take the quiz!

General Stats

  • This quiz has been taken 70 times
  • The average score is 13 of 20

Answer Stats

QuestionAnswer% Correct
Mis. Geography for $200: This city is the capital of France.What is Paris?
100%
Mis. Geography for $400: This country is the 2nd largest by land area.What is Canada?
89%
Capitals for $200: This capital is the capital of Canada.What is Ottawa?
88%
History for $400: This country was invaded by both Nazi Germany and The Soviet Union.What is Poland?
84%
Country Records for $200: This country is the smallest country by population.What is Vatican City?
83%
Mis. Geography for $600: This city is the 2nd largest city in Turkey.What is Ankara?
81%
Capitals for $800: This capital is the largest capital in Africa.What is Cairo?
80%
History for $1000: This country was the first country to gain independence involving a slave revolt.What is Haiti?
80%
Country Records for $400: This country is the newest country in the world today by independence date.What is South Sudan?
78%
History for $200: This man was the second president of the United States.Who was John Adams?
70%
Capitals for $600: This capital is the southernmost capital in the world.What is Wellington?
69%
History for $600: This man became a Soviet leader after the Bolsheviks took over Russia.Who was Vladimir Lenin?
67%
Country Records for $800: This country is the largest city state (by population), an independent city that consists of the city and the surrounding area.What is Singapore?
63%
Country Records for $600: This country is the largest by area fully in Europe.What is Ukraine?
63%
History for $800: This man was the leader of the Confederate States of America.Who was Jefferson Davis?
55%
Capitals for $400: This capital is the largest capital in the world by population.What is Tokyo?
50%
Country Records for $1000: This country is the largest by population with a limited military.What is Costa Rica?
47%
Mis. Geography for $1000: This is the least populous Oceanian country.What is Tuvalu?
27%
Capitals for $1000: This capital is the smallest capital city by population (not including Vatican City).What is Ngerulmud?
22%
Mis. Geography for #800: This is the most densely populated territory/country in the world.What is Macau?
9%

Score Distribution

Percentile by Number Answered

Percent of People with Each Score

Your Score History

You have not taken this quiz